000 00894cam a2200253 4500
001 ABS64017
008 000000n2001 000 0 eng u
035 _a(Sirsi) u112572
100 _aKeenan, D
245 _aNew powers, new duties
260 _c2001
490 _aAccountancy
_v127(1293) May 2001, 132(1)
520 _aOutlines the key provisions of the Trustee Act 2000, which came into force on 1 February 2001. Discusses the implications of the following parts of the Act: duty of care (Part I); powers of investment (Part II); acquisition of land (Part III); agents, nominees and custodians (Part IV); and remuneration (Part V).
590 _aABS
650 _aTRUSTEE ACT 2000
650 _aDUTY OF CARE
650 _aREMUNERATION
650 _aDELEGATION
650 _aTRUSTEES
650 _aACQUISITION OF LAND
650 _aTRUSTS
690 _aLAW
942 _n0
999 _c67002
_d67002